000 00788nam a2200265 a 4500
999 _c2347
_d2347
001 2959
003 BD-DhUAP
005 20200223152309.0
008 090621r20062005 mau b 001 0 eng d
020 _a3764362367
040 _aBD-DhUAP
_cBD-DhUAP
_dBD-DhUAP
_bEng
082 0 0 _a711.4 BRE
_223
245 _aBreathing cities :
_bthe architecture of movement /
_cedited by Nick Barley.
250 _a2nd ed.
260 _aBoston, Mass. :
_bBirkhäuser,
_cc2000.
300 _a128 pages. :
_bill. ;
_c28 cm.
504 _aIncludes bibliography and index.
650 _aUrbanization
650 _aCity planning
650 _aArchitecture -- Human factors.
700 _aBarley, Nick.
942 _2ddc
_cBK